[Event "26. Oldie Turnier - Gruppe A"]
[Site "Klingenberg am Main"]
[Date "2025.04.06"]
[Round "7.4"]
[White "Mephisto London 68020"]
[Black "Mephisto Polgar 100 MHz"]
[Result "1-0"]
[WhiteElo "2213"]
[BlackElo "2271"]
[PlyCount "109"]
[GameId "2166621838493071"]
[EventDate "2025.??.??"]

1. c4 c5 2. Nf3 Nc6 3. d4 cxd4 4. Nxd4 Nf6 5. Nc3 e6 6. Bf4 d5 7. Ndb5 e5 8. cxd5 exf4 9. dxc6 bxc6 10. Qxd8+ Kxd8 11. Rd1+ Bd7 12. Nd6 Ke7 13. Nc4 g6 14. Rd4 Bh6 15. Ne5 Rhd8 16. b3 Rac8 17. Nd3 Nh5 18. Ra4 Rc7 19. Rc4 Be6 20. Rc5 Bg7 21. Ne5 Bxe5 22. Rxe5 Rcd7 23. Rc5 Nf6 24. Rxc6 Ne4 25. f3 Nxc3 26. Rxc3 Rd1+ 27. Kf2 R1d2 28. a3 Kf6 29. b4 R8d4 30. Rc6 Ke5 31. g3 Rc4 32. Ra6 Rc7 33. Ra5+ Bd5 34. Ke1 Rd4 35. Rg1 fxg3 36. hxg3 f5 37. Rh1 Rdc4 38. Bg2 Rc1+ 39. Kf2 Rxh1 40. Bxh1 Kd6 41. e4 fxe4 42. fxe4 Bc4 43. Ke3 Bb3 44. Bf3 Ke7 45. Rc5 Rd7 46. e5 Rd8 47. Bg4 Be6 48. Bxe6 Kxe6 49. Rc7 Rd7 50. Rxd7 Kxd7 51. b5 Ke6 52. Ke4 h5 53. Kf4 g5+ 54. Kxg5 Kxe5 55. a4 1-0

[Event "26. Oldie Turnier - Gruppe A"]
[Site "Klingenberg am Main"]
[Date "2025.04.06"]
[Round "7.6"]
[White "Mephisto Berlin Pro 68020"]
[Black "Mephisto Magellan"]
[Result "0-1"]
[WhiteElo "2265"]
[BlackElo "2238"]
[PlyCount "62"]
[GameId "2166621838493073"]
[EventDate "2025.??.??"]

1. e4 {[%emt 0:00:00]} c5 2. Nf3 e6 3. d4 cxd4 4. Nxd4 Nc6 5. Nc3 Nf6 6. Nxc6 bxc6 7. e5 Nd5 8. Ne4 Qc7 9. f4 Bb7 10. c3 O-O-O 11. Be2 d6 12. exd6 Qb6 13. g3 Nf6 14. Nxf6 gxf6 15. Qd3 Qc5 16. Bd2 Bxd6 17. c4 e5 18. fxe5 Qxe5 19. Be3 Rhe8 20. Bg4+ Kb8 21. Kf2 Bc5 22. Kg2 Qxe3 23. Qxe3 Bxe3 24. Rhd1 Rd4 25. Be2 c5+ 26. Kf1 Bc8 27. Kg2 f5 28. b3 f4 29. Bf3 fxg3 30. hxg3 Bd2 31. Rh1 h6 0-1

[Event "26. Oldie Turnier - Gruppe B"]
[Site "Klingenberg am Main"]
[Date "2025.04.05"]
[Round "1.1"]
[White "RadioShack Chess Champion 2150L"]
[Black "Fidelity Excellence 3 MHz"]
[Result "1-0"]
[WhiteElo "1769"]
[BlackElo "1775"]
[PlyCount "111"]
[GameId "2165538804302435"]
[EventDate "2025.??.??"]

1. d4 Nf6 2. c4 d6 3. Nc3 e5 4. Nf3 Nbd7 5. e4 Be7 6. Be2 O-O 7. O-O Re8 8. Be3 Ng4 9. Qd3 exd4 10. Bxd4 c5 11. Be3 Nxe3 12. Qxe3 Nf6 13. Rad1 Bd7 14. Rd2 Ng4 15. Qf4 Qa5 16. Rfd1 Nf6 17. Nh4 Bc6 18. Nf5 Bf8 19. Bd3 Re6 20. f3 Rae8 21. Qg5 Nd7 22. Qe3 Re5 23. Qf4 f6 24. Qg3 R5e6 25. Nh6+ Kh8 26. Nf5 Kg8 27. f4 g6 28. Ne3 Bg7 29. Ned5 Bxd5 30. Nxd5 Bh6 31. b3 a6 32. Qh4 Bg7 33. Qg3 Bh6 34. Qh4 Bg7 35. Qf2 f5 36. b4 Qa3 37. e5 Rc8 38. Qh4 Bf8 39. g4 fxg4 40. Qxg4 Kf7 41. f5 gxf5 42. Qxf5+ Nf6 43. exf6 Bh6 44. Qxh7+ Ke8 45. f7+ Kd8 46. Qxh6 Kd7 47. Bf5 Rce8 48. Nb6+ Kd8 49. Qxe6 Qe3+ 50. Qxe3 Rf8 51. Rxd6+ Kc7 52. Na8+ Kb8 53. Rd8+ Rxd8 54. Rxd8+ Ka7 55. Qxc5+ b6 56. Qxb6# 1-0

[Event "26. Oldie Turnier - Gruppe B"]
[Site "Klingenberg am Main"]
[Date "2025.04.05"]
[Round "1.3"]
[White "RadioShack 1900L"]
[Black "Krypton Challenge"]
[Result "1-0"]
[WhiteElo "1730"]
[BlackElo "1768"]
[PlyCount "159"]
[GameId "2165538804302439"]
[EventDate "2025.??.??"]

1. e4 e5 2. Nf3 Nf6 3. d4 exd4 4. e5 Ne4 5. Qxd4 d5 6. exd6 Nxd6 7. Nc3 Nc6 8. Qf4 Be6 9. Bd3 Ne7 10. O-O Nef5 11. Rd1 Qd7 12. Ne5 Qd8 13. Bb5+ c6 14. Nxc6 bxc6 15. Bxc6+ Bd7 16. Bxa8 Qxa8 17. Re1+ Be6 18. Qa4+ Ke7 19. Bd2 h6 20. Nb5 Nxb5 21. Qxb5 Nd6 22. Bb4 Kd8 23. Red1 Kc7 24. Ba5+ Kc8 25. Qc5+ Kd7 26. Qc7+ Ke8 27. Rxd6 Bxd6 28. Qxd6 Qc8 29. b3 Qa8 30. c4 Rg8 31. Rc1 Qc8 32. c5 a6 33. c6 f6 34. Bb4 Kf7 35. Qd4 Rd8 36. Bd6 Kg8 37. Qf4 Bd5 38. Qb4 Qe6 39. c7 Re8 40. Qb8 Rc8 41. Bg3 Kh7 42. Qb4 Qe2 43. Qc5 Qe4 44. f3 Qd3 45. Bf2 Be6 46. Qd4 Qb5 47. Qd8 Qb7 48. Qd6 Bd5 49. Qd7 Kh8 50. Rc5 Bg8 51. Rc6 Bh7 52. b4 Bg8 53. a4 Qxb4 54. Rc1 Qb2 55. Qc6 Bd5 56. Qc5 Qd2 57. Be3 Qe2 58. Bf4 Bb3 59. a5 Qa2 60. Qb6 Bc4 61. Qb7 Be6 62. Qxa6 Qd5 63. Qb6 Qf5 64. Be3 Qe5 65. a6 Bf7 66. f4 Qe4 67. Bd2 Bd5 68. Qf2 Bc4 69. Qe3 Qc6 70. a7 Qxc7 71. Qd4 Ra8 72. Be3 Qa5 73. Qxc4 Rd8 74. Qe6 Qa4 75. Rc8 Qa1+ 76. Kf2 Qa5 77. Rxd8+ Qxd8 78. Qc6 Kh7 79. a8=Q Qxa8 80. Qxa8 1-0

[Event "26. Oldie Turnier - Gruppe B"]
[Site "Klingenberg am Main"]
[Date "2025.04.05"]
[Round "1.4"]
[White "Fidelity Prestige"]
[Black "Fidelity Sensory Chess Challenger 12"]
[Result "1-0"]
[WhiteElo "1748"]
[BlackElo "1726"]
[PlyCount "113"]
[GameId "2165538804302441"]
[EventDate "2025.??.??"]

1. d4 f5 2. c4 Nf6 3. Nc3 e6 4. Nf3 Be7 5. Bf4 O-O 6. e3 Nh5 7. Bd3 Nxf4 8. exf4 d5 9. Qb3 c6 10. O-O Nd7 11. Rfe1 Nf6 12. c5 Qc7 13. Ne5 Ne4 14. f3 Nxc3 15. Qxc3 a5 16. Qd2 a4 17. Qf2 Bd7 18. Rab1 Bf6 19. Rf1 Be8 20. Rbc1 Bh5 21. a3 Qe7 22. Qg3 Bh4 23. Qh3 Be8 24. Rb1 Bf7 25. Nxf7 Rxf7 26. Rbd1 Qf6 27. Kh1 Qd8 28. Bc2 Rf8 29. Kg1 Qe7 30. Bd3 Qf6 31. Kh1 Qd8 32. Bc2 Qe7 33. Kg1 Ra5 34. Rd2 Bf6 35. Rff2 Raa8 36. Rfe2 Qc7 37. g3 g6 38. Qg2 b6 39. Rxe6 bxc5 40. dxc5 Bxb2 41. Bxa4 Bxa3 42. Rxc6 Qb7 43. Qe2 Rxa4 44. Qe6+ Qf7 45. Rxd5 Rc4 46. Qd6 Re8 47. Rd1 Rc2 48. Rc7 Qc4 49. Kh1 Qb3 50. Qc6 Rxh2+ 51. Kxh2 Re2+ 52. Kh3 Bxc5 53. Rd8+ Bf8 54. Rxf8+ Kxf8 55. Qf6+ Ke8 56. Qh8+ Qg8 57. Qxg8# 1-0

[Event "26. Oldie Turnier - Gruppe B"]
[Site "Klingenberg am Main"]
[Date "2025.04.05"]
[Round "2.1"]
[White "Fidelity Excellence 3 MHz"]
[Black "Fidelity Sensory Chess Challenger 12"]
[Result "0-1"]
[WhiteElo "1775"]
[BlackElo "1726"]
[PlyCount "130"]
[GameId "2165538804302443"]
[EventDate "2025.??.??"]

1. e4 Nc6 2. d4 d5 3. e5 f6 4. Bb5 fxe5 5. Qh5+ g6 6. Qxe5 Nf6 7. Bxc6+ bxc6 8. Nf3 Bg4 9. Ng5 Qd6 10. Bd2 h6 11. Nf3 Rb8 12. Bc3 Bxf3 13. gxf3 c5 14. dxc5 Qxc5 15. Bd4 Qxc2 16. Na3 Qa4 17. Qxc7 Qb4+ 18. Ke2 Qb7 19. Qc2 Qa6+ 20. Ke1 Rg8 21. Qe2 Qxe2+ 22. Kxe2 Nd7 23. f4 Bg7 24. Bxg7 Rxg7 25. b3 Rb4 26. Rac1 Re4+ 27. Kf3 g5 28. Rc8+ Kf7 29. Rc7 Rxf4+ 30. Ke2 Re4+ 31. Kf1 Ne5 32. Nb5 Rf4 33. Rxa7 Nd3 34. Ke2 Nxf2 35. Rf1 Ng4 36. h3 Nh2 37. Rd1 g4 38. hxg4 Re4+ 39. Kd3 Rexg4 40. a4 R7g6 41. Nd4 Rg3+ 42. Ke2 Rg2+ 43. Ke3 Ng4+ 44. Kf3 Rf2+ 45. Kg3 Rff6 46. Re1 Nf2+ 47. Kh2 Ne4 48. Re3 Rf2+ 49. Kh3 Rg1 50. Rxe4 dxe4 51. Nc6 Ke6 52. b4 Rg7 53. b5 e3 54. b6 e2 55. Nd4+ Kf7 56. Nxe2 Rxe2 57. Ra5 e5 58. b7 Re3+ 59. Kh2 Rb3 60. Rb5 Rxb5 61. axb5 Rg8 62. Kh1 Rb8 63. Kg2 Rxb7 64. Kf3 h5 65. Kf2 Rxb5 0-1

[Event "26. Oldie Turnier - Gruppe B"]
[Site "Klingenberg am Main"]
[Date "2025.04.05"]
[Round "2.2"]
[White "Krypton Challenge"]
[Black "Fidelity Prestige"]
[Result "1-0"]
[WhiteElo "1768"]
[BlackElo "1748"]
[PlyCount "97"]
[GameId "2165538804302445"]
[EventDate "2025.??.??"]

1. e4 c6 2. d4 d5 3. Nc3 dxe4 4. Nxe4 Qa5+ 5. c3 Nf6 6. Nxf6+ exf6 7. Bc4 Bd6 8. Qe2+ Be7 9. Bf4 Na6 10. Bd6 Qd8 11. Bxe7 Qxe7 12. Qxe7+ Kxe7 13. Bd3 Be6 14. Nf3 Bd5 15. Kd2 Rae8 16. Rae1+ Kd7 17. Rxe8 Kxe8 18. a4 Nc7 19. Re1+ Ne6 20. Ke3 Kd7 21. Be4 Re8 22. Bxd5 cxd5 23. Kd2 Ng5 24. Rxe8 Nxf3+ 25. Ke3 Kxe8 26. Kxf3 Kd7 27. Kf4 a6 28. h4 Ke6 29. b3 b5 30. axb5 axb5 31. Ke3 Kf5 32. f3 h5 33. Kf2 Ke6 34. Ke2 Kf5 35. Ke3 g6 36. g3 Ke6 37. Kd3 g5 38. Ke2 Kf5 39. Kf2 gxh4 40. gxh4 Kf4 41. Ke2 Kf5 42. Ke3 Kg6 43. Kf4 Kg7 44. Kf5 b4 45. cxb4 Kg8 46. b5 Kf8 47. b6 Ke7 48. b7 Kd6 49. b8=Q+ 1-0

[Event "26. Oldie Turnier - Gruppe B"]
[Site "Klingenberg am Main"]
[Date "2025.04.05"]
[Round "3.2"]
[White "RadioShack 1900L"]
[Black "RadioShack Chess Champion 2150L"]
[Result "1/2-1/2"]
[WhiteElo "1730"]
[BlackElo "1769"]
[PlyCount "54"]
[GameId "2165538804306547"]
[EventDate "2025.??.??"]

1. e4 c6 2. d4 d5 3. exd5 cxd5 4. Bd3 Nc6 5. Nf3 Bg4 6. c3 e5 7. dxe5 Bxf3 8. Qxf3 Nxe5 9. Bb5+ Nc6 10. O-O Be7 11. Bf4 Nf6 12. Nd2 O-O 13. Rfe1 Re8 14. a4 Bc5 15. Bd3 Qb6 16. b4 Be7 17. a5 Qd8 18. Qh3 d4 19. Bg5 h6 20. Bxf6 Bxf6 21. cxd4 Bxd4 22. Rxe8+ Qxe8 23. Rc1 Nxb4 24. Be4 Rd8 25. Qf3 Be5 26. Qe3 Bd4 27. Qf3 Bf6 1/2-1/2

[Event "26. Oldie Turnier - Gruppe B"]
[Site "Klingenberg am Main"]
[Date "2025.04.05"]
[Round "3.4"]
[White "Fidelity Sensory Chess Challenger 12"]
[Black "Krypton Challenge"]
[Result "0-1"]
[WhiteElo "1726"]
[BlackElo "1768"]
[PlyCount "126"]
[GameId "2165538804306549"]
[EventDate "2025.??.??"]

1. b4 d5 2. Nf3 e5 3. Nxe5 Bxb4 4. c3 Bd6 5. Qa4+ c6 6. d4 Nf6 7. Bf4 Bf5 8. Nd2 Nh5 9. Be3 b5 10. Qb3 Bxe5 11. dxe5 Nd7 12. h3 Nxe5 13. g4 Bxg4 14. hxg4 Nf6 15. g5 Nfg4 16. Bf4 Qb6 17. e3 Ng6 18. Qb4 N4e5 19. Bxe5 Nxe5 20. Be2 Qd8 21. f4 Nc4 22. Nxc4 bxc4 23. Qb7 Qc8 24. Qxc8+ Rxc8 25. Rb1 Rd8 26. Kf2 h6 27. f5 Ra8 28. f6 Kf8 29. Rbg1 gxf6 30. gxh6 Rb8 31. h7 Rb2 32. Rh6 Rxa2 33. Rgh1 Kg7 34. R6h4 Rc2 35. Rg1+ Kf8 36. Ra1 Kg7 37. Rg4+ Kf8 38. Rxa7 Rxh7 39. Rg2 Rxc3 40. Rc7 Rh3 41. Rxc6 Rhxe3 42. Rxf6 Ke7 43. Rc6 Re5 44. Rc7+ Kf6 45. Rg4 Rc2 46. Rf4+ Ke6 47. Rfxf7 Rcxe2+ 48. Kf1 Rh2 49. Rg7 Rf5+ 50. Ke1 Rf3 51. Rg6+ Kf5 52. Rgc6 Rg3 53. Kf1 Ke4 54. Rc8 Ke3 55. Re6+ Kd4 56. Rf6 c3 57. Rfc6 Rf3+ 58. Kg1 Ra2 59. R8c7 Rd3 60. Rf6 Rd1+ 61. Rf1 c2 62. Rxc2 Rxf1+ 63. Kxf1 Rxc2 0-1

[Event "26. Oldie Turnier - Gruppe B"]
[Site "Klingenberg am Main"]
[Date "2025.04.05"]
[Round "4.1"]
[White "Fidelity Excellence 3 MHz"]
[Black "Krypton Challenge"]
[Result "1-0"]
[WhiteElo "1775"]
[BlackElo "1768"]
[PlyCount "103"]
[GameId "2165538804306551"]
[EventDate "2025.??.??"]

1. c4 c6 2. Nf3 d5 3. b3 Bg4 4. d4 Nf6 5. Nc3 e6 6. Bb2 Bb4 7. a3 Bd6 8. c5 Bc7 9. h3 Bh5 10. e3 O-O 11. Bd3 Nbd7 12. O-O b6 13. b4 bxc5 14. bxc5 Rb8 15. Rb1 Ba5 16. Ba1 Rxb1 17. Bxb1 Qc7 18. Qe2 Rb8 19. a4 h6 20. Bc2 Rb7 21. Bd3 Rb4 22. Rb1 Rxb1+ 23. Bxb1 Bb4 24. Bc2 Qa5 25. Na2 Bxf3 26. Qxf3 Be1 27. Qe2 Kh8 28. Bb2 Bd2 29. Nc1 Bxc1 30. Bxc1 Ne4 31. Bb2 Ndf6 32. f3 Qb4 33. Bxe4 dxe4 34. fxe4 Nxe4 35. Kh2 Qxa4 36. Qf1 Qb3 37. Bc1 Qb1 38. g3 Nd2 39. Qh1 Nb3 40. Qxc6 Qc2+ 41. Qg2 Qxg2+ 42. Kxg2 Na5 43. e4 Kh7 44. d5 exd5 45. exd5 Kg6 46. c6 Nc4 47. Bf4 Kf5 48. d6 Ke6 49. d7 Ke7 50. Bc7 Ne3+ 51. Kf3 Ke6 52. d8=Q 1-0

[Event "26. Oldie Turnier - Gruppe B"]
[Site "Klingenberg am Main"]
[Date "2025.04.05"]
[Round "4.2"]
[White "Novag Beluga"]
[Black "Fidelity Sensory Chess Challenger 12"]
[Result "0-1"]
[WhiteElo "1772"]
[BlackElo "1726"]
[PlyCount "72"]
[GameId "2165538804306553"]
[EventDate "2025.??.??"]

1. e4 c5 2. Nf3 e6 3. d4 cxd4 4. Nxd4 Nc6 5. Nc3 Nf6 6. Bg5 Bb4 7. Nxc6 bxc6 8. Qd4 c5 9. Qe3 O-O 10. Rd1 Ng4 11. Qf4 f6 12. Qxg4 fxg5 13. Bc4 Qf6 14. Qg3 Bxc3+ 15. bxc3 Bb7 16. e5 Qe7 17. O-O Rab8 18. Rd6 Rf4 19. Bb5 Rd8 20. Qe3 a5 21. Qxc5 Rg4 22. f3 Rf4 23. Qc7 Bc8 24. Bd3 Ra4 25. Bc4 Re8 26. Bb3 Rf4 27. Qxa5 Ref8 28. Rfd1 g4 29. fxg4 Rxg4 30. Qc7 Qg5 31. R6d2 Qe3+ 32. Kh1 Qxd2 33. Bxe6+ Kh8 34. Rg1 Qxg2+ 35. Rxg2 Rf1+ 36. Rg1 Rfxg1# 0-1

[Event "26. Oldie Turnier - Gruppe B"]
[Site "Klingenberg am Main"]
[Date "2025.04.05"]
[Round "4.3"]
[White "RadioShack Chess Champion 2150L"]
[Black "Fidelity Prestige"]
[Result "1-0"]
[WhiteElo "1769"]
[BlackElo "1748"]
[PlyCount "123"]
[GameId "2165538804306555"]
[EventDate "2025.??.??"]

1. d4 d5 2. c4 dxc4 3. Nf3 Nf6 4. Nc3 a6 5. e4 b5 6. e5 Nd5 7. a4 Nxc3 8. bxc3 Bb7 9. axb5 axb5 10. Rxa8 Bxa8 11. Be2 Be4 12. O-O f6 13. Re1 e6 14. exf6 Qxf6 15. Bg5 Qf5 16. Qd2 Bd6 17. Nh4 Qd5 18. Bh5+ g6 19. f3 Bd3 20. Bg4 Bf5 21. Nxf5 gxf5 22. Bh5+ Kd7 23. Bf7 Nc6 24. Bxe6+ Qxe6 25. Rxe6 Kxe6 26. d5+ Kd7 27. dxc6+ Kxc6 28. Bf4 Bc5+ 29. Be3 Ra8 30. Bxc5 Kxc5 31. Qd4+ Kc6 32. Qf6+ Kb7 33. Qxf5 Ra1+ 34. Kf2 Ra2+ 35. Kg3 Kb6 36. Qxh7 Ra3 37. Qg6+ c6 38. Qd6 Ra2 39. Qb8+ Kc5 40. Qd8 b4 41. Qe7+ Kb6 42. Qxb4+ Kc7 43. Qxc4 Rb2 44. f4 Rd2 45. f5 Rd5 46. Qf4+ Kc8 47. f6 Rd3+ 48. Kh4 Rd8 49. g4 Rh8+ 50. Kg5 Rg8+ 51. Kf5 Rd8 52. g5 Rd7 53. h4 Rd3 54. f7 Rd8 55. Qe5 Kd7 56. Qg7 Kd6 57. g6 Kc7 58. f8=Q+ Kc8 59. Qfe7 Rd5+ 60. Kg4 Rg5+ 61. Kxg5 c5 62. Qc7# 1-0

[Event "26. Oldie Turnier - Gruppe B"]
[Site "Klingenberg am Main"]
[Date "2025.04.05"]
[Round "5.1"]
[White "RadioShack 1900L"]
[Black "Fidelity Excellence 3 MHz"]
[Result "1-0"]
[WhiteElo "1730"]
[BlackElo "1775"]
[PlyCount "77"]
[GameId "2165538804306559"]
[EventDate "2025.??.??"]

1. c4 Nf6 2. d4 Nh5 $2 {* Ein sehr ungewoehnlicher Zug Bibliotheksfehler} 3. e4 g6 4. Nc3 Nc6 5. d5 Nb4 6. a3 Na6 7. Be2 Ng7 8. Nf3 f5 9. O-O fxe4 10. Nxe4 Nf5 11. c5 Bg7 12. Bc4 b6 13. c6 dxc6 14. dxc6 Nd6 15. Nxd6+ cxd6 16. Re1 Bf6 17. Nd4 d5 18. Bxa6 Bxa6 19. Bf4 Qc8 20. Ne6 Bxb2 21. Nc7+ Kf7 22. Ra2 Bc3 23. Qxd5+ e6 24. Rxe6 Rd8 25. Rd6+ Kg7 26. Rxd8 Qxd8 27. Ne6+ Kh8 28. Nxd8 Rc8 29. Nf7+ Kg7 30. Bh6+ Kf6 31. Ng5 Rxc6 32. Nxh7+ Ke7 33. Bf8+ Ke8 34. Qxc6+ Kf7 35. Qxc3 Ke6 36. Qc6+ Ke5 37. Bg7+ Kf5 38. Qf6+ Ke4 39. Qf3# 1-0

[Event "26. Oldie Turnier - Gruppe B"]
[Site "Klingenberg am Main"]
[Date "2025.04.05"]
[Round "5.3"]
[White "Fidelity Sensory Chess Challenger 12"]
[Black "RadioShack Chess Champion 2150L"]
[Result "1-0"]
[WhiteElo "1726"]
[BlackElo "1769"]
[PlyCount "105"]
[GameId "2165538804306563"]
[EventDate "2025.??.??"]

1. d4 d5 2. c4 e6 3. Nc3 c5 4. cxd5 exd5 5. Nf3 Nc6 6. e3 Nf6 7. Bb5 Be7 8. Ne5 Bd7 9. Nxd7 Qxd7 10. dxc5 Bxc5 11. O-O O-O 12. Bd2 Rac8 13. Qc2 d4 14. exd4 Bxd4 15. Rae1 a6 16. Ba4 Rfe8 17. Ne2 b5 18. Bb3 Be5 19. Bc3 Nb4 20. Qb1 Nd3 21. Rd1 Rcd8 22. Bxe5 Rxe5 23. Nc1 Nxc1 24. Bxf7+ Kxf7 25. Rxd7+ Nxd7 26. Rxc1 Kg8 27. Qd3 Rde8 28. f4 Nc5 29. Qa3 Re1+ 30. Rxe1 Rxe1+ 31. Kf2 Rc1 32. Qe3 Kf7 33. f5 Rc2+ 34. Kg3 a5 35. Qe5 a4 36. h4 b4 37. Qd5+ Kf6 38. Qd4+ Kxf5 39. Qd5+ Kf6 40. Qg5+ Ke6 41. Qxg7 Ne4+ 42. Kf3 Nd2+ 43. Kf4 b3 44. Qh6+ Kd5 45. Qh5+ Kc6 46. axb3 Nxb3 47. Qxh7 Rf2+ 48. Kg3 Rxb2 49. Qe4+ Kd6 50. Qxa4 Ke5 51. Qa3 Rb1 52. Qa2 Nd2 53. Qxd2 1-0

[Event "26. Oldie Turnier - Gruppe B"]
[Site "Klingenberg am Main"]
[Date "2025.04.05"]
[Round "5.4"]
[White "Krypton Challenge"]
[Black "Novag Beluga"]
[Result "1-0"]
[WhiteElo "1768"]
[BlackElo "1772"]
[PlyCount "107"]
[GameId "2165538804306565"]
[EventDate "2025.??.??"]

1. d4 d5 2. Nf3 Nf6 3. c4 dxc4 4. Qa4+ Nc6 5. Qxc4 e6 6. Bg5 Bb4+ 7. Nc3 h6 8. Bxf6 Qxf6 9. e4 O-O 10. a3 Be7 11. Bd3 Rd8 12. e5 Qf4 13. Ne2 Qg4 14. O-O f6 15. exf6 Bxf6 16. h3 Qh5 17. Be4 Rd6 18. Qc5 Qxc5 19. dxc5 Rd8 20. Bxc6 bxc6 21. Ra2 e5 22. b4 e4 23. Nd2 Be6 24. Rc2 Bf5 25. Ng3 e3 26. Nde4 exf2+ 27. Kxf2 Bg6 28. Nxf6+ gxf6 29. Rc3 Kf7 30. Ke3 Rd5 31. Ne4 Bxe4 32. Kxe4 Re8+ 33. Kf4 Rd2 34. g4 Ree2 35. Rb3 Ke6 36. Rbf3 Ke7 37. Kg3 Ra2 38. Rxf6 Rxa3+ 39. Kh4 Rh2 40. Rf7+ Ke6 41. R7f3 Rxf3 42. Rxf3 Ra2 43. Kh5 a5 44. bxa5 Rxa5 45. Kxh6 Rxc5 46. g5 Rd5 47. g6 Rd8 48. g7 Ke7 49. Rc3 c5 50. Rxc5 c6 51. Rxc6 Kd7 52. Rg6 Ke7 53. g8=Q Rxg8 54. Rxg8 1-0

[Event "26. Oldie Turnier - Gruppe B"]
[Site "Klingenberg am Main"]
[Date "2025.04.05"]
[Round "6.1"]
[White "Fidelity Excellence 3 MHz"]
[Black "Novag Beluga"]
[Result "1-0"]
[WhiteElo "1775"]
[BlackElo "1772"]
[PlyCount "139"]
[GameId "2165538804306567"]
[EventDate "2025.??.??"]

1. d4 g6 {*} 2. c4 {*} Bg7 3. e4 d6 4. Nf3 Nc6 5. Nc3 Bg4 6. d5 Ne5 7. Be3 Nf6 8. Be2 Bxf3 9. gxf3 O-O 10. f4 Ned7 11. Qb3 Nb6 12. Rg1 Qd7 13. e5 Ne8 14. Bg4 Qd8 15. Bd4 $2 {verspielt den Vorteil} c5 16. dxc6 bxc6 17. Rd1 Rb8 18. e6 d5 19. exf7+ Rxf7 20. cxd5 Nxd5 21. Qc4 Nd6 22. Qxc6 Nxf4 23. b3 Bxd4 24. Rxd4 Rb6 25. Qe4 e5 26. Rd2 Qe7 27. Qe3 Nf5 28. Bxf5 Rxf5 29. Qe4 Rf7 30. Rg3 Rb4 31. Qc6 e4 32. Nd5 Nxd5 33. Rxd5 {=} Rb7 34. Rd4 Rf4 35. Re3 Qh4 36. Rd2 Rbf7 37. Qe8+ Kg7 38. Qe5+ Kh6 39. Rg3 e3 40. Rxe3 Qxh2 41. Kd1 R7f5 42. Qb8 Qh1+ 43. Re1 Qh5+ 44. Kc1 Rxf2 45. Rxf2 Rxf2 46. Qxa7 Qg5+ 47. Qe3 Qxe3+ 48. Rxe3 Rxa2 49. b4 Ra4 50. Re4 $4 {Ein Spiel entscheidende Fehler. Tb3 war geboten.} Kg5 51. Kb2 h5 52. Kb3 Ra1 53. Kb2 Rf1 54. b5 h4 55. b6 h3 56. Re5+ Kf6 $4 {versperrt fuer den Turm den Weg nach f8} 57. b7 h2 58. b8=Q h1=Q 59. Qd6+ Kg7 60. Re7+ Rf7 61. Qe5+ Kh6 (61... Kg8 62. Re8+ Rf8 63. Qe6+ Kg7 64. Re7+ Kh8 65. Qe5+) 62. Rxf7 Qg2+ 63. Kc3 Qc6+ 64. Kd2 Qg2+ 65. Kd3 Qh3+ 66. Qe3+ Qxe3+ 67. Kxe3 g5 68. Rf6+ Kg7 69. Rc6 Kf7 70. Kf3 1-0

[Event "26. Oldie Turnier - Gruppe B"]
[Site "Klingenberg am Main"]
[Date "2025.04.05"]
[Round "6.2"]
[White "RadioShack Chess Champion 2150L"]
[Black "Krypton Challenge"]
[Result "0-1"]
[WhiteElo "1769"]
[BlackElo "1768"]
[PlyCount "126"]
[GameId "2165538804306569"]
[EventDate "2025.??.??"]

1. e4 c5 2. Nf3 e6 3. d4 cxd4 4. Nxd4 Nc6 5. Nc3 Qc7 6. Ndb5 Qe5 7. Be3 Bb4 8. Bd3 Nf6 9. O-O d5 10. f4 Qb8 11. exd5 exd5 12. Be2 a6 13. a3 Be7 14. Nd4 O-O 15. Re1 Qd6 16. Nxc6 bxc6 17. Na4 Qe6 18. Bd4 Ne4 19. Bd3 Bb7 20. Nc5 Bxc5 21. Bxc5 Rfe8 22. Bd4 Qf5 23. Qf3 f6 24. Rad1 a5 25. Bc5 Rab8 26. Bd6 Rbc8 27. Bc5 Kh8 28. Re2 Qe6 29. Rde1 f5 30. Bb6 Qf6 31. c3 Ra8 32. Bd4 Qg6 33. Be5 c5 34. Re3 Qb6 35. Qe2 Re7 36. Qc2 c4 37. Bxe4 fxe4 38. Qe2 Rf8 39. Rd1 Qc5 40. Rd2 Qc6 41. Rh3 Bc8 42. Rh5 Bf5 43. Bd4 Rb7 44. Qe3 Rb3 45. Rg5 Rb7 46. g4 Be6 47. f5 Bg8 48. Be5 Re8 49. Qd4 Qh6 50. h4 Rxe5 51. Qxe5 Qxh4 52. Qf4 Qe1+ 53. Kh2 e3 54. Rc2 e2 55. Kg2 Qd1 56. Rc1 e1=Q 57. Rxd1 Rxb2+ 58. Kh3 Qxd1 59. Qe3 d4 60. cxd4 Qh1+ 61. Kg3 Qh2+ 62. Kf3 Bd5+ 63. Qe4 Rb3# 0-1

[Event "26. Oldie Turnier - Gruppe B"]
[Site "Klingenberg am Main"]
[Date "2025.04.05"]
[Round "7.1"]
[White "Fidelity Prestige"]
[Black "Fidelity Excellence 3 MHz"]
[Result "0-1"]
[WhiteElo "1748"]
[BlackElo "1775"]
[PlyCount "134"]
[GameId "2165538804306573"]
[EventDate "2025.??.??"]

1. b3 e5 2. Bb2 Nc6 3. e3 d5 4. Bb5 Bd6 {*} 5. Nf3 f6 6. c4 a6 7. cxd5 axb5 8. dxc6 bxc6 9. Qc2 Ne7 10. Nc3 Bf5 11. e4 Bg4 12. a4 Qd7 13. axb5 Rxa1+ 14. Bxa1 cxb5 15. Qd3 c6 16. O-O Bc5 17. Qxd7+ Kxd7 18. Ne1 Ra8 19. Nd3 Bb6 20. Bb2 Be6 21. Nc1 Ke8 22. d3 Kf7 23. N3e2 Rd8 24. Rd1 c5 25. Nc3 b4 26. Na4 Ba7 27. Rf1 Nc6 28. Kh1 Na5 29. f4 exf4 30. Rxf4 Nxb3 31. Rf1 Nd4 32. e5 Bd7 33. Bxd4 cxd4 34. Nb2 Be6 35. exf6 gxf6 36. Ne2 Rc8 37. Nf4 Ba2 38. Nh5 Rc6 39. Kg1 Bb8 40. Na4 Bb3 41. Nb2 Ke7 42. Re1+ Be5 43. Ng7 Rc2 44. Nf5+ Kd7 45. Nc4 Bxc4 46. dxc4 Rxc4 47. Rd1 b3 48. Ne3 Rb4 49. Nd5 Rb7 50. Nc3 Kd6 51. Rd3 f5 52. Kf2 Kc5 53. Na4+ Kd5 54. Nb2 Bxh2 55. g3 f4 56. gxf4 Bxf4 57. Rh3 Bc1 58. Rh5+ Ke6 59. Nc4 b2 60. Nxb2 Bxb2 61. Ke2 Bc1 62. Rc5 Bf4 63. Kd3 Bd6 64. Rh5 Be5 65. Ke4 Bf6 66. Rd5 Rd7 67. Rxd7 Kxd7 0-1

[Event "26. Oldie Turnier - Gruppe B"]
[Site "Klingenberg am Main"]
[Date "2025.04.06"]
[Round "7.2"]
[White "Fidelity Sensory Chess Challenger 12"]
[Black "RadioShack 1900L"]
[Result "0-1"]
[WhiteElo "1726"]
[BlackElo "1730"]
[PlyCount "126"]
[GameId "2165538804306575"]
[EventDate "2025.??.??"]

1. b4 d5 2. Nf3 a5 3. b5 e6 4. d4 Bb4+ 5. c3 Bd6 6. Ba3 Nf6 7. e3 O-O 8. Bd3 Bxa3 9. Nxa3 Ne4 10. O-O Nd7 11. Qc2 Ndf6 12. Nc4 dxc4 13. Bxe4 Nxe4 14. Qxe4 f5 15. Qe5 Qd6 16. Rab1 Bd7 17. b6 Rfc8 18. bxc7 Qxc7 19. d5 Rab8 20. d6 Qc5 21. Rfd1 b5 22. Qg3 Qa7 23. Ne5 Rc5 24. e4 fxe4 25. Qe3 Rbc8 26. Qxe4 a4 27. Re1 Rd5 28. Nxd7 Qxd7 29. Qxe6+ Qxe6 30. Rxe6 Rd8 31. f4 Kf7 32. Re7+ Kf6 33. Rb7 R5xd6 34. Re1 Rd2 35. Ree7 Rd1+ 36. Kf2 R8d2+ 37. Kg3 Rd3+ 38. Kg4 R3d2 39. Rf7+ Ke6 40. f5+ Kd6 41. Kh3 g6 42. Rxh7 gxf5 43. Rxb5 Rc1 44. Rh6+ Kd7 45. Rxf5 Rxc3+ 46. Rf3 Rxf3+ 47. gxf3 Rxa2 48. Rh5 Kd6 49. Kg3 c3 50. Rh6+ Kc5 51. Rh8 a3 52. h4 Re2 53. Rc8+ Kb4 54. Rb8+ Kc4 55. h5 a2 56. Rc8+ Kb3 57. Rb8+ Kc2 58. Ra8 Kb1 59. Rd8 a1=Q 60. h6 Kc2 61. h7 Qg1+ 62. Kf4 Qe3+ 63. Kg3 Qg5+ 0-1